Earth-abundant materials for solar cells : (Record no. 171515)

MARC details
000 -LEADER
fixed length control field 00947nam a22002657a 4500
003 - CONTROL NUMBER IDENTIFIER
control field OSt
005 - DATE AND TIME OF LATEST TRANSACTION
control field 20250623114555.0
008 - FIXED-LENGTH DATA ELEMENTS--GENERAL INFORMATION
fixed length control field 250328b |||||||| |||| 00| 0 eng d
020 ## - INTERNATIONAL STANDARD BOOK NUMBER
International Standard Book Number 9781119052777 (hardcover)
024 ## - OTHER STANDARD IDENTIFIER
Terms of availability USD 131
040 ## - CATALOGING SOURCE
Original cataloging agency NUST
Language of cataloging eng
Transcribing agency NUST
Modifying agency NUST
Description conventions rda
050 ## - LIBRARY OF CONGRESS CALL NUMBER
Classification number TK2960 ADA
100 ## - MAIN ENTRY--PERSONAL NAME
Personal name Adachi, Sadao
Relator term Author
245 ## - TITLE STATEMENT
Title Earth-abundant materials for solar cells :
Remainder of title Cu2-II-IV-VI4 semiconductors /
Statement of responsibility, etc. Sadao Adachi.
260 ## - PUBLICATION, DISTRIBUTION, ETC.
Place of publication, distribution, etc. Chichester, West Sussex, United Kingdom :
Name of publisher, distributor, etc. John Wiley and Sons,
Date of publication, distribution, etc. ©2015.
300 ## - PHYSICAL DESCRIPTION
Extent xii, 462 pages :
Other physical details Illustrations ;
Dimensions 25 cm.
336 ## - CONTENT TYPE
Source rdacontent
Content type term text
Content type code txt
337 ## - MEDIA TYPE
Source rdamedia
Media type term unmediated
Media type code n
338 ## - CARRIER TYPE
Source rdacarrier
Carrier type term volume
Carrier type code nc
504 ## - BIBLIOGRAPHY, ETC. NOTE
Bibliography, etc. note Includes bibliographical references and index.
650 ## - SUBJECT ADDED ENTRY--TOPICAL TERM
Form subdivision Solar cells -- Materials.
650 ## - SUBJECT ADDED ENTRY--TOPICAL TERM
Form subdivision Semiconductors -- Materials.
650 ## - SUBJECT ADDED ENTRY--TOPICAL TERM
Form subdivision Chalcogenides.
942 ## - ADDED ENTRY ELEMENTS (KOHA)
Source of classification or shelving scheme Library of Congress Classification
Koha item type Ordinary Loan Books
Classification part TK2960 ADA
Call number prefix TK
Call number suffix ADA
Suppress in OPAC No
Holdings
Withdrawn status Lost status Source of classification or shelving scheme Damaged status Not for loan Collection Home library Current library Shelving location Date acquired Source of acquisition Cost, normal purchase price Total Checkouts Full call number Barcode Date last seen Accession number Cost, replacement price Price effective from Koha item type Public note
    LCC     NFIC MAIN MAIN GEN 03/28/2025 Book Aid International 135.00   TK2960 ADA 92004057328 03/28/2025 63209 135.00 03/28/2025 BOOKS Donation
    LCC     NFIC MAIN MAIN GEN 03/28/2025 Book Aid International 135.00   TK2960 ADA 92004056922 03/28/2025 63208 135.00 03/28/2025 BOOKS Donation
    LCC     NFIC MAIN MAIN GEN 06/23/2025 Book Aid International 131.00   TK2960 ADA 92004057388 06/23/2025 63210 131.00 06/23/2025 BOOKS Donation